Loading...
History - Other History | 2 | 1 | 0 | 1 | 40 | 51 | 76.67 | 2 | 3 |
History - American History | 1 | 2 | 0 | 0 | 35 | 75 | 84.33 | 2 | 3 |
History - European History | 0 | 3 | 0 | 0 | 30 | 89 | 92.67 | 2 | 3 |
Geography | 0 | 2 | 0 | 1 | 20 | 75 | 102.00 | 0 | 2 |
Social Science | 0 | 2 | 1 | 1 | 15 | 27 | 77.50 | 1 | 2 |
Religion- Edited | 0 | 1 | 0 | 0 | 10 | 132 | 132.00 | 0 | 1 |
Fine Arts - Visual Fine Arts | 0 | 1 | 0 | 1 | 10 | 141 | 141.00 | 0 | 1 |
History - World History | 0 | 1 | 0 | 1 | 10 | 113 | 113.00 | 0 | 1 |
Other Academic | 0 | 1 | 0 | 0 | 10 | 112 | 112.00 | 0 | 1 |
Pop Culture | 0 | 1 | 0 | 0 | 10 | 108 | 108.00 | 1 | 1 |
Religion | 0 | 1 | 0 | 1 | 10 | 140 | 140.00 | 1 | 1 |
Literature - British Literature | 0 | 0 | 0 | 0 | 0 | 0.00 | 0 | 0 |